000 00777nam a2200205 a 4500
001 000021824
005 20200930011450.0
008 100913s1990 dr 000 0 spa d
040 _aDO-SdBNP
_bspa
_cBNPHU
082 _a972.93
_bA473L
100 1 _aÁlvarez, Rosendo
_945331
245 1 0 _aLiving in the D. R. :
_btrascultural handbook to life in the Dominican Republic /
_cRosendo Álvarez ; prólogo Michael Contreras.
246 1 4 _aLiving in the Dominican Republic :
_ba transcultural handbook
260 _aSanto Domingo :
_bTaller,
_c1990.
300 _a153 p. ;
_c22 cm.
590 _aInventariado, 2020/VM
651 4 _aRepública Dominicana
_xVida Social Y Costumbres
_9405
700 1 _aContreras, Michael,
_epról.
_945332
910 _aValidado. Control de calidad EMS
999 _c21322
_d21322